000 00469nam a2200157Ia 4500
999 _c14633
_d14633
082 _aRK 0240
100 _aKarar, Probir
245 0 _aGrowth of services sector of Indian economy: a structural decomposition analysis
_b:
260 _c2014
_bIndian Council of Social Science Research, New Delhi
300 _aiii, 31p
504 _aIncludes: References
650 _aIndian economy
650 _aServices sector
_zIndia
700 _aSaha, Bikash
942 _cRP
_2ddc